| 000 -CABECERA |
| Longitud fija campo de control |
00641nam a2200169 a 4500 |
| 001 - NÚMERO DE CONTROL |
| Número de control |
583 |
| 003 - IDENTIFICADOR DEL NÚMERO DE CONTROL |
| Identificador del número de control |
CDMR |
| 005 - FECHA Y HORA DE LA ÚLTIMA TRANSACCIÓN |
| Fecha y hora de la última transacción |
20130328100059.0 |
| 008 - CÓDIGOS DE INFORMACIÓN DE LONGITUD FIJA |
| Códigos de información de longitud fija |
130130s1982||||||||||||||||||||||||||||d |
| 040 ## - FUENTE DE LA CATALOGACIÓN |
| Centro catalogador de origen |
CDMR |
| Lengua de catalogación |
cat |
| Centro transcriptor |
CDMR |
| 110 2# - PUNTO DE ACCESO PRINCIPAL-NOMBRE DE ENTIDAD CORPORATIVA |
| Nombre de entidad corporativa o nombre de jurisdicción como elemento inicial |
Associació de Fotògrafs Professionals de Premsa i Mitjans |
| 9 (RLIN) |
430 |
| 245 10 - MENCIÓN DE TÍTULO |
| Título |
Copyright |
| Resto del título |
: Primavera Fotogràfica a Barcelona 1982 |
| Mención de responsabilidad, etc. |
Associació de Fotògrafs Professionals de Premsa i Mitjans |
| 260 ## - PUBLICACIÓN, DISTRIBUCIÓN, ETC. (PIE DE IMPRENTA) |
| Lugar de publicación, distribución, etc. |
Barcelona |
| Fecha de publicación, distribución, etc. |
1982 |
| Nombre del editor, distribuidor, etc. |
Generalitat de Catalunya. Departament de Cultura i Mitjans de Comunicació |
| 500 ## - NOTA GENERAL |
| Nota general |
Publicació en format diari |
| 711 2# - PUNTO DE ACCESO ADICIONAL - NOMBRE DE CONGRESO |
| 9 (RLIN) |
3021 |
| Nombre de congreso o nombre de jurisdicción como elemento inicial |
Primavera Fotogràfica |
| Fecha del congreso |
1982 |
| Número del congreso o número de parte o sección de la obra |
1a |
| 942 ## - ENTRADA DE ELEMENTOS AGREGADOS (KOHA) |
| Koha [por defecto] tipo de item |
Monografies |
| Fuente de clasificaión o esquema |
|